[Event "66th ch-RUS HL w 2016"]
[Site "Kolomna RUS"]
[Date "2016.06.22"]
[Round "1.23"]
[White "Travkina, Anastasia"]
[Black "Selifonova, Aleksandra"]
[Result "1-0"]
[WhiteTitle "WFM"]
[WhiteElo "2267"]
[BlackElo "1980"]
[WhiteFideId "24129151"]
[BlackFideId "24115983"]
[EventDate "2016.06.22"]

1. e4 e5 2. Nf3 Nc6 3. Bc4 Bc5 4. b4 Bb6 5. a4 a6 6. Nc3 Nf6 7. Nd5 Ba7 8. d3 b5
9. Bb3 Nxd5 10. Bxd5 Rb8 11. O-O Nxb4 12. Bb3 O-O 13. Bd2 Nc6 14. axb5 Rxb5 15.
Ba4 Rb8 16. Bxc6 dxc6 17. Nxe5 Qf6 18. Nc4 Bd4 19. Ra4 Rb5 20. Ne3 Rg5 21. Nf5
Bc5 22. Bxg5 Qxg5 23. Qc1 Qg4 24. Qa1 Re8 25. Qc3 Bb6 26. Qxc6 Kf8 27. Raa1 Re6
28. Qd5 Re8 29. Qa2 Qg5 30. h4 Qf6 31. Ne3 Bd4 32. Rab1 Qxh4 33. Rb8 Be5 34. g3
Qh3 35. Ng2 Bd4 36. Qa3+ Kg8 37. Qxa6 h6 38. Qa8 Kh7 39. c3 Bg4 40. Qd5 Re5 41.
Qxf7 Be6 42. Qf8 Qxg3 43. cxd4 Qg5 44. dxe5 h5 45. Qh8+ Kg6 46. f4 1-0

[Event "66th ch-RUS HL w 2016"]
[Site "Kolomna RUS"]
[Date "2016.06.22"]
[Round "1.24"]
[White "Abakarova, Amina"]
[Black "Maslova, Polina"]
[Result "1/2-1/2"]
[BlackTitle "WFM"]
[WhiteElo "1898"]
[BlackElo "2249"]
[WhiteFideId "34175889"]
[BlackFideId "24178772"]
[EventDate "2016.06.22"]

1. e4 c5 2. Nc3 Nc6 3. g3 g6 4. Bg2 Bg7 5. d3 d6 6. f4 e6 7. Nf3 Nge7 8. Be3 Nd4
9. O-O O-O 10. Qd2 Rb8 11. Rae1 b5 12. Qf2 Nec6 13. Nd1 Nb4 14. Bxd4 cxd4 15. a3
Nc6 16. Nh4 Ne7 17. g4 f5 18. exf5 exf5 19. Qe2 Rf7 20. gxf5 Nxf5 21. Nxf5 Rxf5
22. Qe8+ Qxe8 23. Rxe8+ Rf8 24. Bd5+ Kh8 25. Re7 Bh3 26. Rfe1 a5 27. Nf2 Bf5 28.
Ne4 Bxe4 29. R1xe4 Rbc8 30. Rb7 Rc5 31. Ree7 Rxd5 32. Rxg7 Rxf4 33. Rxh7+ Kg8
34. Rhg7+ Kf8 35. Rxg6 Rdf5 36. Kg2 Rf2+ 37. Kg3 R5f3+ 38. Kg4 Rf4+ 39. Kg5 Rf5+
40. Kg4 R5f4+ 41. Kg5 Rf5+ 42. Kg4 R5f4+ 43. Kh5 Rxh2+ 1/2-1/2

[Event "66th ch-RUS HL w 2016"]
[Site "Kolomna RUS"]
[Date "2016.06.22"]
[Round "1.25"]
[White "Baraeva, Marina"]
[Black "Bocharova, Ulyana"]
[Result "1/2-1/2"]
[WhiteTitle "WIM"]
[WhiteElo "2216"]
[BlackElo "1894"]
[WhiteFideId "24142573"]
[BlackFideId "24174513"]
[EventDate "2016.06.22"]

1. c4 c5 2. Nc3 Nc6 3. g3 g6 4. Bg2 Bg7 5. e3 e6 6. Nge2 Nge7 7. O-O O-O 8. d4
cxd4 9. exd4 d5 10. cxd5 exd5 11. Bf4 Bf5 12. a3 Qd7 13. Rc1 Bh3 14. Bxh3 Qxh3
15. Qb3 Qd7 16. Rfd1 Na5 17. Qb4 Nac6 18. Qb5 a6 19. Qb6 Nd8 20. b3 Rc8 21. Na4
Ne6 22. Nc5 Nxc5 23. Rxc5 Rc6 24. Rxc6 Nxc6 25. Nc3 Re8 26. Qc5 Rd8 27. Na4 Qg4
28. Rd2 g5 29. Be3 f5 30. h3 Qe4 31. Nc3 Qe6 32. Bxg5 Qe1+ 33. Kg2 Bf8 34. Qb6
Rd7 35. b4 Be7 36. Be3 Bd8 37. Qc5 Be7 38. Qb6 Bd8 39. Qc5 Be7 40. Qb6 Bd8 41.
Qc5 Be7 42. Qb6 Bd8 1/2-1/2

[Event "66th ch-RUS HL w 2016"]
[Site "Kolomna RUS"]
[Date "2016.06.23"]
[Round "2.1"]
[White "Pustovoitova, Daria"]
[Black "Nechaeva, Marina"]
[Result "1-0"]
[WhiteTitle "FM"]
[BlackTitle "IM"]
[WhiteElo "2297"]
[BlackElo "2425"]
[WhiteFideId "4182146"]
[BlackFideId "4149351"]
[EventDate "2016.06.22"]

1. d4 Nf6 2. c4 c5 3. dxc5 Na6 4. a3 Nxc5 5. b4 Na6 6. Nc3 Nc7 7. e4 d6 8. Bd3
g6 9. h3 Bg7 10. Nge2 O-O 11. O-O a5 12. Be3 Nd7 13. f4 axb4 14. axb4 Rxa1 15.
Qxa1 Na6 16. Qa4 Nb6 17. Qa5 Nd7 18. Qa3 Re8 19. Nb5 Ndb8 20. Nec3 Nc6 21. Nd5
e6 22. Nb6 Naxb4 23. Rd1 Nxd3 24. Rxd3 Bf8 25. Nxd6 e5 26. Nxe8 Qxe8 27. Qa8
exf4 28. Bf2 Qxe4 29. Qxc8 Qxd3 30. Nd7 Qd6 31. Bc5 Na7 32. Qe8 1-0

[Event "66th ch-RUS HL w 2016"]
[Site "Kolomna RUS"]
[Date "2016.06.23"]
[Round "2.2"]
[White "Shuvalova, Polina"]
[Black "Styazhkina, Anna"]
[Result "1-0"]
[WhiteTitle "WFM"]
[BlackTitle "WIM"]
[WhiteElo "2409"]
[BlackElo "2297"]
[WhiteFideId "24171760"]
[BlackFideId "24119300"]
[EventDate "2016.06.22"]

1. e4 e5 2. Nf3 Nc6 3. Bb5 a6 4. Ba4 Nf6 5. O-O Bc5 6. c3 b5 7. Bb3 d6 8. a4 Rb8
9. d4 Bb6 10. Na3 Bg4 11. axb5 axb5 12. Nxb5 O-O 13. Re1 exd4 14. Nbxd4 Nxd4 15.
cxd4 Re8 16. Bc2 Bxf3 17. gxf3 Nh5 18. Be3 Qh4 19. Kh1 c5 20. Rg1 Qh3 21. Rg4
cxd4 22. Bg5 f6 23. Rh4 Qc8 24. Rxh5 fxg5 25. f4 g4 26. f5 Bd8 27. Bb3+ Kh8 28.
Be6 Qb7 29. Qxg4 h6 30. Rg1 Bf6 31. b3 d3 32. Rd1 Qb6 33. Qg6 Rxe6 34. Rxh6+
gxh6 35. Qxh6+ Kg8 36. Rg1+ 1-0

[Event "66th ch-RUS HL w 2016"]
[Site "Kolomna RUS"]
[Date "2016.06.23"]
[Round "2.3"]
[White "Dordzhieva, Dinara"]
[Black "Savina, Anastasia"]
[Result "1-0"]
[WhiteTitle "WIM"]
[BlackTitle "IM"]
[WhiteElo "2296"]
[BlackElo "2384"]
[WhiteFideId "24157570"]
[BlackFideId "4196872"]
[EventDate "2016.06.22"]

1. d4 g6 2. e4 Bg7 3. Nc3 d6 4. f4 a6 5. Nf3 b5 6. Bd3 Nd7 7. Be3 Bb7 8. Qe2 b4
9. Nd1 Ngf6 10. Bd2 c5 11. e5 dxe5 12. dxe5 Nd5 13. O-O Qb6 14. Kh1 e6 15. Nf2
O-O 16. Ne4 f6 17. exf6 N7xf6 18. Neg5 Rae8 19. Ne5 Bc8 20. Rae1 Re7 21. c4 bxc3
22. bxc3 Rfe8 23. a3 Qc7 24. c4 Nb6 25. Ba5 Qd6 26. Rd1 Nbd7 27. Bxg6 Qb8 28.
Nc6 Qa8 29. Nxe7+ Rxe7 30. Bd8 hxg6 31. Bxe7 Nf8 32. Bxf8 1-0

[Event "66th ch-RUS HL w 2016"]
[Site "Kolomna RUS"]
[Date "2016.06.23"]
[Round "2.4"]
[White "Kovanova, Baira"]
[Black "Travkina, Anastasia"]
[Result "1/2-1/2"]
[WhiteTitle "WGM"]
[BlackTitle "WFM"]
[WhiteElo "2382"]
[BlackElo "2267"]
[WhiteFideId "4164083"]
[BlackFideId "24129151"]
[EventDate "2016.06.22"]

1. d4 d5 2. c4 c6 3. Nc3 Nf6 4. e3 e6 5. Nf3 Nbd7 6. Bd3 dxc4 7. Bxc4 b5 8. Be2
Bb7 9. O-O a6 10. e4 c5 11. e5 cxd4 12. Qxd4 Bc5 13. Qh4 Ne4 14. Qg4 Nxc3 15.
bxc3 Qb6 16. a4 h5 17. Qh4 bxa4 18. Rxa4 Qc6 19. Rc4 Nb6 20. Rf4 Nd5 21. Rc4 Nb6
22. Rf4 Nd5 23. Rc4 Nb6 24. Rf4 Nd5 1/2-1/2

[Event "66th ch-RUS HL w 2016"]
[Site "Kolomna RUS"]
[Date "2016.06.23"]
[Round "2.5"]
[White "Khokhlova, Daria"]
[Black "Vasilevich, Tatjana"]
[Result "1/2-1/2"]
[BlackTitle "IM"]
[WhiteElo "2214"]
[BlackElo "2367"]
[WhiteFideId "24182729"]
[BlackFideId "14101610"]
[EventDate "2016.06.22"]

1. Nf3 c5 2. g3 d5 3. Bg2 e6 4. O-O b5 5. d4 Nf6 6. dxc5 Bxc5 7. Nbd2 Bb7 8. Nb3
Bb6 9. Bg5 Nbd7 10. e3 Qc7 11. Bxf6 Nxf6 12. Qe2 Qc4 13. Rfe1 Ke7 14. Ne5 Qxe2
15. Rxe2 Rhc8 16. a4 bxa4 17. Rxa4 Nd7 18. Nxd7 Kxd7 19. Rd2 Ke7 20. Bf1 Bc6 21.
Ra3 a5 22. Nd4 Bd7 23. c3 Bc5 24. Ra2 Rcb8 25. Be2 e5 26. Nf3 f6 27. Bd1 Be6 28.
Ra1 g5 29. b3 Rd8 30. Rda2 Bb6 31. Ra4 Rac8 32. b4 axb4 33. Rxb4 Rd6 34. Ra3 Rc7
35. Rb5 Bc5 36. Ra1 Rb6 37. Rb3 Rbc6 38. Nd2 d4 39. c4 dxe3 40. fxe3 Rd7 41. Ne4
Ba7 42. Rba3 Rxc4 43. Rxa7 Rxe4 44. Kf2 Rb4 45. Rxd7+ Bxd7 46. Rc1 Rb2+ 47. Rc2
Rxc2+ 48. Bxc2 f5 49. h4 Kf6 50. hxg5+ Kxg5 51. Bd1 Be8 52. Be2 Bh5 53. Bc4 Bd1
54. Bg8 h6 55. Be6 Bg4 56. Bc4 Kf6 57. Bb3 Ke7 58. Bc4 Kd6 59. Bb3 Kc5 60. Be6
h5 61. Ke1 Kb4 62. Kd2 Kc5 63. Ke1 Kd6 64. Bc8 Ke7 65. Ba6 Kf6 66. Kf2 Bd1 67.
Bb5 e4 68. Be8 Bg4 69. Ba4 Ke5 70. Bb3 Kd6 71. Ke1 Kc5 72. Bf7 Bf3 73. Be6 Bg4
74. Bf7 Kb4 75. Kd2 Kc5 76. Ke1 Bf3 1/2-1/2

[Event "66th ch-RUS HL w 2016"]
[Site "Kolomna RUS"]
[Date "2016.06.23"]
[Round "2.6"]
[White "Charochkina, Daria"]
[Black "Chernyak, Viktoria"]
[Result "1-0"]
[WhiteTitle "IM"]
[BlackTitle "WFM"]
[WhiteElo "2359"]
[BlackElo "2196"]
[WhiteFideId "4180917"]
[BlackFideId "24165956"]
[EventDate "2016.06.22"]

1. Nf3 Nf6 2. g3 g6 3. Bg2 Bg7 4. O-O O-O 5. c4 c6 6. d4 d5 7. Ne5 Be6 8. b3
Nbd7 9. f4 Ne4 10. Bb2 f6 11. Nd3 f5 12. Na3 Rc8 13. Rc1 h6 14. e3 Kh7 15. Ne5
Qa5 16. Rc2 Nxe5 17. fxe5 b5 18. Qd3 b4 19. Nb1 Rfd8 20. c5 Rb8 21. Bc1 Qb5 22.
Qd1 a5 23. Bf3 Rf8 24. Rg2 Ra8 25. Be2 Qb7 26. Bd3 Rad8 27. Nd2 Nxd2 28. Bxd2
Rg8 29. g4 Qd7 30. gxf5 Bxf5 31. Bxf5 gxf5 32. Qh5 e6 33. Kh1 Qe8 34. Qh3 Qf7
35. Rfg1 Rde8 36. Qh4 Ra8 37. Rg5 Rae8 38. R1g3 Ra8 39. Rh5 Bf8 40. e4 Rxg3 41.
Bxh6 Rg1+ 42. Kxg1 Qg6+ 43. Rg5 Qxh6 44. Rh5 dxe4 45. Rxh6+ Bxh6 46. Qe7+ Kh8
47. Qf6+ Kh7 48. Qxe6 Rf8 49. Qxc6 e3 50. Qf3 Rg8+ 51. Kf1 f4 52. c6 Rd8 53. c7
Rxd4 54. c8=Q 1-0

[Event "66th ch-RUS HL w 2016"]
[Site "Kolomna RUS"]
[Date "2016.06.23"]
[Round "2.7"]
[White "Potapova, Margarita"]
[Black "Bivol, Alina"]
[Result "0-1"]
[WhiteTitle "WFM"]
[BlackTitle "WIM"]
[WhiteElo "2061"]
[BlackElo "2359"]
[WhiteFideId "14126869"]
[BlackFideId "4100123"]
[EventDate "2016.06.22"]

1. d4 f5 2. e4 fxe4 3. Nc3 Nf6 4. Bg5 Nc6 5. d5 Ne5 6. Qe2 Nf7 7. h4 h6 8. Bxf6
exf6 9. Qxe4+ Qe7 10. h5 Qxe4+ 11. Nxe4 Bb4+ 12. c3 Be7 13. O-O-O O-O 14. f4 Nd6
15. Ng3 b5 16. Nf3 Bb7 17. Nh4 Rfe8 18. Be2 Bf8 19. Bf3 Nc4 20. Ne4 Rab8 21.
Rhe1 Nb6 22. d6 Rec8 23. Nf5 Bxe4 24. Rxe4 cxd6 25. Nxd6 Rc5 26. Kb1 Bxd6 27.
Rxd6 Kf8 28. g4 Rbc8 29. Bd1 Rc4 30. Rxc4 Rxc4 31. f5 Ke7 32. Rd2 Rf4 33. b3 d5
34. Kc2 Kd6 35. Re2 Re4 36. Rd2 a6 37. Kd3 Nd7 38. Rg2 Ne5+ 39. Kd2 a5 40. a3 a4
41. Kc2 axb3+ 42. Kxb3 Kc5 43. Rg1 Re3 44. Kc2 Nc4 45. Rf1 Nxa3+ 46. Kd2 Nc4+
47. Kc2 Rg3 48. Re1 Ne3+ 49. Kd2 Nxd1 50. Kxd1 Rxg4 51. Re7 Kc4 52. Rc7+ Kd3 53.
Kc1 b4 54. Kb2 bxc3+ 55. Rxc3+ Ke4 56. Rc7 Kxf5 57. Rd7 Ke5 0-1

[Event "66th ch-RUS HL w 2016"]
[Site "Kolomna RUS"]
[Date "2016.06.23"]
[Round "2.8"]
[White "Samdanova, Surena"]
[Black "Zaiatz, Elena"]
[Result "1-0"]
[BlackTitle "IM"]
[WhiteElo "2060"]
[BlackElo "2344"]
[WhiteFideId "24136646"]
[BlackFideId "4139518"]
[EventDate "2016.06.22"]

1. e4 e5 2. Nf3 Nc6 3. Bc4 Bc5 4. O-O Nf6 5. d3 O-O 6. c3 d5 7. exd5 Nxd5 8. h3
Nb6 9. Bb3 Be7 10. Re1 Bf6 11. a4 Bf5 12. a5 Nc8 13. a6 bxa6 14. Rxa6 Nb6 15.
Re3 Bc8 16. Ra1 a5 17. Nbd2 Nd5 18. Re4 Bf5 19. Rc4 Nde7 20. Ba4 Qd5 21. Nf1 Qd6
22. Ng3 Nd8 23. Nxf5 Nxf5 24. g4 Nh4 25. Nxh4 Bxh4 26. g5 e4 27. Rxe4 Bxf2+ 28.
Kxf2 Qh2+ 29. Ke1 Ne6 30. Qe2 Qxh3 31. Kd2 Rad8 32. Kc2 Nc5 33. Re3 Qf5 34. Bb5
Nb3 35. Kxb3 Qxb5+ 36. Kc2 Qxg5 37. Re5 Qg6 38. Raxa5 f6 39. Re7 Qg3 40. Ra4 h5
41. Bf4 Qg6 42. Bxc7 Rd5 43. Qe6+ 1-0

[Event "66th ch-RUS HL w 2016"]
[Site "Kolomna RUS"]
[Date "2016.06.23"]
[Round "2.9"]
[White "Mirzoeva, Elmira"]
[Black "Rodionova, Polina"]
[Result "1-0"]
[WhiteTitle "WGM"]
[BlackTitle "WFM"]
[WhiteElo "2344"]
[BlackElo "1981"]
[WhiteFideId "4127951"]
[BlackFideId "24102555"]
[EventDate "2016.06.22"]

1. d4 Nf6 2. g3 g6 3. Bg2 Bg7 4. e4 d6 5. Nc3 O-O 6. Nge2 Nc6 7. h3 e5 8. Be3
exd4 9. Nxd4 Nd7 10. O-O Nde5 11. Nxc6 bxc6 12. b3 Qf6 13. Na4 Ba6 14. Re1 Rad8
15. f4 Nd7 16. Rb1 Rfe8 17. Qd2 Nb6 18. Nb2 Qc3 19. Nd1 Qxd2 20. Bxd2 c5 21. Bc3
Bd4+ 22. Bxd4 cxd4 23. Nf2 c5 24. Rbd1 Re7 25. h4 Na8 26. e5 dxe5 27. Ng4 Nc7
28. Nxe5 Nb5 29. Nc6 Rxe1+ 30. Rxe1 Rd6 31. Re7 d3 32. cxd3 Rxd3 33. Nb8 Rd1+
34. Kh2 Rd6 35. Bf1 Rd2+ 36. Re2 Rd1 37. Bg2 Rd6 38. Re5 Nd4 39. Rxc5 Nf5 40.
Rc6 Bd3 41. Rxd6 Nxd6 42. Nc6 a6 43. Nb4 Bb1 44. a4 a5 45. Nc6 Kf8 46. Nxa5 Ke8
47. Nb7 1-0

[Event "66th ch-RUS HL w 2016"]
[Site "Kolomna RUS"]
[Date "2016.06.23"]
[Round "2.10"]
[White "Faizutdinova, Diana"]
[Black "Ovod, Evgenija"]
[Result "0-1"]
[BlackTitle "IM"]
[WhiteElo "2006"]
[BlackElo "2338"]
[WhiteFideId "24143731"]
[BlackFideId "4131827"]
[EventDate "2016.06.22"]

1. c4 f5 2. Nc3 Nf6 3. g3 g6 4. Bg2 Bg7 5. d3 e5 6. Nf3 d6 7. O-O O-O 8. Ng5 h6
9. Nh3 c6 10. e4 fxe4 11. Nxe4 Nxe4 12. dxe4 Be6 13. f3 Bxc4 14. Re1 Be6 15. Nf2
c5 16. Ng4 Kh7 17. Be3 Nc6 18. Qd2 h5 19. Nf2 Qd7 20. f4 Rae8 21. fxe5 Nxe5 22.
Bf4 Nc4 23. Qc2 Bxb2 24. Rad1 Bd4 25. Rxd4 cxd4 26. Qd3 Qg7 27. Rb1 Ne5 28. Qd2
Rc8 29. h4 Rc4 30. Kh1 Rfc8 31. Qa5 b6 32. Qa3 R8c5 33. Nh3 Bxh3 34. Bxh3 Rc3
35. Qa6 Nd3 0-1

[Event "66th ch-RUS HL w 2016"]
[Site "Kolomna RUS"]
[Date "2016.06.23"]
[Round "2.11"]
[White "Korchagina, Alena"]
[Black "Kashlinskaya, Alina"]
[Result "1-0"]
[WhiteTitle "WFM"]
[BlackTitle "IM"]
[WhiteElo "2091"]
[BlackElo "2467"]
[WhiteFideId "24173452"]
[BlackFideId "4198026"]
[EventDate "2016.06.22"]

1. Nf3 d5 2. d4 c6 3. c4 e6 4. Qc2 Nf6 5. Bg5 dxc4 6. Qxc4 b5 7. Qc2 Bb7 8. e3
Nbd7 9. Nbd2 a6 10. a4 Rc8 11. Qb3 b4 12. Be2 c5 13. O-O Be7 14. Rfd1 O-O 15.
Ne5 h6 16. Bxf6 Nxf6 17. dxc5 Bxc5 18. Ne4 Qe7 19. Nxf6+ Qxf6 20. Bf3 Bxf3 21.
Nxf3 Rfd8 22. Rac1 Bf8 23. Nd4 Qg5 24. Nc6 Rxd1+ 25. Qxd1 Rc7 26. Qd4 Qf5 27.
Qb6 Rd7 28. Nd4 Qd3 29. g3 e5 30. Nf3 Qf5 31. Kg2 Rd6 32. Rc6 Rxc6 33. Qxc6 Qf6
34. Qe4 Bd6 35. Qa8+ Bf8 36. Qe4 Bd6 37. Qa8+ Bf8 38. Qe8 e4 39. Nd4 Qg6 40. b3
h5 41. h3 Qf6 42. Qxe4 g6 43. Qc6 Kg7 44. Qxf6+ Kxf6 45. f4 Ke7 46. Kf3 Kd6 47.
Ke4 f5+ 48. Kd3 Kd5 49. Nf3 Be7 50. Ne5 g5 51. Ng6 Bf6 52. fxg5 Bxg5 53. Nf4+
Ke5 54. Nxh5 Kd5 55. Nf4+ Ke5 56. h4 Bh6 57. Ng6+ Kf6 58. Nf4 Ke5 59. h5 Bg5 60.
Ng6+ Kd5 61. Nh4 Ke6 62. Kd4 Bf6+ 63. Kd3 Bg5 64. Nf3 Bh6 65. e4 1-0

[Event "66th ch-RUS HL w 2016"]
[Site "Kolomna RUS"]
[Date "2016.06.23"]
[Round "2.12"]
[White "Schepetkova, Margarita"]
[Black "Lysenko, Margarita"]
[Result "1-0"]
[WhiteTitle "WIM"]
[BlackTitle "WFM"]
[WhiteElo "2355"]
[BlackElo "2097"]
[WhiteFideId "4189949"]
[BlackFideId "34100200"]
[EventDate "2016.06.22"]

1. d4 d5 2. c4 c6 3. Nc3 dxc4 4. e3 b5 5. a4 b4 6. Na2 e6 7. Bxc4 Nf6 8. Nf3 Be7
9. O-O O-O 10. Qe2 a5 11. Rd1 Qb6 12. e4 Ba6 13. Bg5 h6 14. Bxf6 Bxf6 15. Nc1
Rd8 16. Nb3 Bxc4 17. Qxc4 Nd7 18. Rac1 Rac8 19. Nfd2 Bg5 20. Qc2 Bxd2 21. Rxd2
Qa6 22. f4 Qa7 23. Kf1 Qc7 24. g3 Qa7 25. Ke2 Kh8 26. Kf3 f6 27. Qc4 Re8 28. Nc5
Nxc5 29. dxc5 g5 30. fxg5 hxg5 31. h4 Qg7 32. hxg5 fxg5 33. Rh1+ Kg8 34. Kg4 Rc7
35. Rh5 Kf8 36. Rxg5 Qh8 37. Qd4 Qxd4 38. Rxd4 Rf7 39. e5 Rf2 40. Rf4+ Rxf4+ 41.
gxf4 Rd8 42. Rg6 Kf7 43. Rf6+ Ke7 44. Rh6 Rg8+ 45. Kh5 Rg2 46. Rh7+ Kd8 47. Ra7
Rxb2 48. Rxa5 b3 49. Ra6 Ra2 50. Kg5 b2 51. Rb6 Kd7 52. Kf6 Rxa4 53. Rb7+ Kc8
54. Rxb2 Rxf4+ 55. Kxe6 Rd4 56. Rf2 Rd5 57. Rf8+ Kc7 58. Kf6 Rd1 59. Rf7+ Kd8
60. e6 Re1 61. Rf8+ Kc7 62. e7 Kd7 63. Rd8+ 1-0

[Event "66th ch-RUS HL w 2016"]
[Site "Kolomna RUS"]
[Date "2016.06.23"]
[Round "2.13"]
[White "Gritsayeva, Oksana"]
[Black "Abakarova, Amina"]
[Result "1-0"]
[WhiteTitle "WFM"]
[WhiteElo "2336"]
[BlackElo "1898"]
[WhiteFideId "14104652"]
[BlackFideId "34175889"]
[EventDate "2016.06.22"]

1. e4 e6 2. d4 d5 3. exd5 exd5 4. Bd3 Bd6 5. Qf3 Be6 6. Ne2 Nf6 7. h3 Nbd7 8.
Bf4 Qe7 9. Bxd6 Qxd6 10. Nd2 c5 11. dxc5 Nxc5 12. O-O O-O 13. Nb3 Nxd3 14. Qxd3
Ne4 15. Rad1 Qe5 16. Ned4 Qf4 17. c3 a6 18. Qf3 Qg5 19. Rfe1 Rac8 20. Qe3 Qg6
21. Kh2 b5 22. Qf4 Rc4 23. a3 Qh5 24. Nd2 Nxd2 25. Rxd2 Qg6 26. Qd6 a5 27. Nxe6
fxe6 28. Rxe6 Qf5 29. Qxd5 Qxd5 30. Rxd5 b4 31. cxb4 axb4 32. Re7 Rxf2 33. Rd8+
Rf8 34. Rdd7 Rfc8 35. Rxg7+ Kf8 36. Rxh7 Kg8 37. b3 Rc3 38. Rdg7+ Kf8 39. Rb7
Kg8 40. axb4 Rxb3 41. b5 Rb2 42. Rhd7 Kf8 43. h4 Rb4 44. Kh3 Ke8 45. Rh7 Rf4 46.
g3 Rf1 47. b6 Rf6 48. Rh8+ 1-0

[Event "66th ch-RUS HL w 2016"]
[Site "Kolomna RUS"]
[Date "2016.06.23"]
[Round "2.14"]
[White "Bocharova, Ulyana"]
[Black "Severina, Maria"]
[Result "0-1"]
[BlackTitle "WIM"]
[WhiteElo "1894"]
[BlackElo "2330"]
[WhiteFideId "24174513"]
[BlackFideId "4116909"]
[EventDate "2016.06.22"]

1. d4 Nf6 2. c4 e6 3. Nf3 b6 4. g3 Bb7 5. Bg2 Bb4+ 6. Bd2 a5 7. O-O O-O 8. a3
Bxd2 9. Nbxd2 c5 10. Rb1 Nc6 11. e3 Qc7 12. Qc2 h6 13. Rfd1 Rac8 14. Rbc1 Rfd8
15. Nb3 cxd4 16. Nfxd4 a4 17. Nd2 Nxd4 18. exd4 Bxg2 19. Kxg2 Qc6+ 20. Kg1 d5
21. c5 bxc5 22. dxc5 d4 23. b4 axb3 24. Nxb3 e5 25. Qc4 Ne4 26. Re1 Ng5 27. Red1
Nh3+ 28. Kf1 Qf3 29. Rd2 d3 0-1

[Event "66th ch-RUS HL w 2016"]
[Site "Kolomna RUS"]
[Date "2016.06.23"]
[Round "2.15"]
[White "Maslova, Polina"]
[Black "Nasybullina, Alfia"]
[Result "1-0"]
[WhiteTitle "WFM"]
[BlackTitle "WFM"]
[WhiteElo "2249"]
[BlackElo "2143"]
[WhiteFideId "24178772"]
[BlackFideId "4132416"]
[EventDate "2016.06.22"]

1. e4 e6 2. d4 d5 3. Nd2 c5 4. exd5 Qxd5 5. Ngf3 cxd4 6. Bc4 Qd6 7. O-O Nf6 8.
Nb3 Nc6 9. Nbxd4 Nxd4 10. Nxd4 a6 11. Re1 Be7 12. c3 O-O 13. Bb3 Qc7 14. Bg5 b6
15. Qf3 Bb7 16. Qh3 Ne4 17. Bxe7 Qxe7 18. Bc2 Nf6 19. Re3 Qc5 20. Rae1 Rad8 21.
Bb3 Qh5 22. Qxh5 Nxh5 23. g3 Nf6 24. f4 Rd6 25. h3 Rfd8 26. f5 exf5 27. Re7 Be4
28. Rxf7 Kh8 29. Re2 R6d7 30. Rxd7 Rxd7 31. Be6 Rd8 32. Bxf5 Bxf5 33. Nxf5 Rd1+
34. Kg2 g6 35. Nd4 Kg7 36. Re7+ Kf8 37. Re6 Nh5 38. Nf3 Rc1 39. Nd4 Rd1 40. Nf3
Rc1 41. Re2 Rd1 42. Rd2 Rc1 43. Ne5 Re1 44. Nd7+ Ke8 45. Nxb6 Re3 46. Nd5 Rxg3+
47. Kh2 Rf3 48. c4 a5 49. c5 Kd7 50. b4 axb4 51. Nxb4+ Kc8 52. c6 Nf4 53. h4
Rh3+ 54. Kg1 Rxh4 55. Na6 Nh3+ 56. Kg2 Ra4 57. Nc5 Rc4 58. Nb7 Rh4 59. Rd7 1-0

[Event "66th ch-RUS HL w 2016"]
[Site "Kolomna RUS"]
[Date "2016.06.23"]
[Round "2.16"]
[White "Diakonova, Ekaterina"]
[Black "Baraeva, Marina"]
[Result "0-1"]
[BlackTitle "WIM"]
[WhiteElo "2212"]
[BlackElo "2216"]
[WhiteFideId "24172936"]
[BlackFideId "24142573"]
[EventDate "2016.06.22"]

1. e4 e6 2. d4 d5 3. Nc3 dxe4 4. Nxe4 Nd7 5. Bc4 Ngf6 6. Nxf6+ Nxf6 7. Nf3 Be7
8. Bf4 O-O 9. O-O b6 10. Qe2 Bb7 11. Rad1 Qc8 12. Rfe1 c5 13. Bb3 Rd8 14. Be5
Qc6 15. Qf1 Ng4 16. Bf4 Qe8 17. Ne5 Nxe5 18. Bxe5 cxd4 19. Bxd4 Rd6 20. Qe2 Rad8
21. Qg4 e5 22. Bxe5 Rg6 23. Rxd8 Bxd8 24. Qd1 Rxg2+ 25. Kf1 Be7 26. Bd5 Bxd5 27.
Qxd5 Rg5 28. Qc4 Qa8 29. Qe4 Qxe4 30. Rxe4 Kf8 31. b4 f6 32. Bb8 a5 33. c3 Rd5
34. Bc7 f5 35. Re6 axb4 36. cxb4 b5 37. Ba5 Kf7 38. Re2 Bd6 39. Kg2 Rd4 40. a3
Rg4+ 41. Kh1 Rh4 42. Rd2 Ke6 43. f3 Rh3 44. Rf2 Bf4 45. Bb6 g6 46. Kg1 Kd5 47.
Bd8 Be3 48. Kg2 Rxh2+ 49. Kxh2 Bxf2 50. Kg2 Be3 51. Kg3 Bc1 0-1

[Event "66th ch-RUS HL w 2016"]
[Site "Kolomna RUS"]
[Date "2016.06.23"]
[Round "2.17"]
[White "Kovalevskaya, Ekaterina"]
[Black "Sukhareva, Evgeniya"]
[Result "1-0"]
[WhiteTitle "IM"]
[WhiteElo "2466"]
[BlackElo "2156"]
[WhiteFideId "4116704"]
[BlackFideId "4167155"]
[EventDate "2016.06.22"]

1. e4 g6 2. d4 Bg7 3. Nf3 d6 4. Be2 Nf6 5. Nc3 c6 6. O-O b5 7. e5 dxe5 8. Nxe5
Bb7 9. Bf3 a6 10. Bf4 O-O 11. Qd2 Nd5 12. Bh6 Bxh6 13. Qxh6 Nxc3 14. bxc3 Qd6
15. Rfe1 Nd7 16. Re4 Nf6 17. Rh4 Rfd8 18. g4 Rf8 19. Re1 Rab8 20. g5 Nh5 21.
Bxh5 gxh5 22. Qxh5 h6 23. g6 Qf6 24. Qxh6 Qg7 25. Qh7+ Qxh7 26. gxh7+ Kh8 27.
Nd7 e6 28. Re3 Rbd8 29. Nxf8 Rxf8 30. Rg4 1-0

[Event "66th ch-RUS HL w 2016"]
[Site "Kolomna RUS"]
[Date "2016.06.23"]
[Round "2.18"]
[White "Ubiennykh, Ekaterina"]
[Black "Drogovoz, Irina"]
[Result "1/2-1/2"]
[WhiteTitle "WIM"]
[BlackTitle "WIM"]
[WhiteElo "2324"]
[BlackElo "2143"]
[WhiteFideId "4137582"]
[BlackFideId "4176715"]
[EventDate "2016.06.22"]

1. d4 d5 2. c4 c6 3. Nf3 Nf6 4. e3 g6 5. Nc3 Bg7 6. Bd2 O-O 7. Rc1 Bg4 8. Qb3
Qb6 9. Qa3 Bxf3 10. gxf3 Nbd7 11. f4 dxc4 12. Bxc4 Qd8 13. h4 Nb6 14. Bd3 e6 15.
Qa5 Nbd5 16. Qxd8 Rfxd8 17. Ne2 Bf8 18. Ng3 c5 19. Ke2 cxd4 20. e4 Nb4 21. Rc7
Rd7 22. Rxd7 Nxd7 23. Bxb4 Bxb4 24. Rc1 Nb6 25. h5 Kg7 26. a3 Bf8 27. hxg6 hxg6
28. Kf3 Na4 29. Rc2 Rd8 30. Rd2 Nc5 31. Bc4 a6 32. Ne2 d3 33. Nc3 Rd4 34. Ba2 a5
35. Ke3 Rd8 36. Bc4 Be7 37. f3 g5 38. Rg2 Kh6 39. f5 exf5 40. exf5 Kg7 41. Nd5
b5 42. Ba2 Bf6 43. f4 Re8+ 44. Kf3 Re2 45. fxg5 Bxb2 46. f6+ Kf8 47. Rg4 Bxf6
48. gxf6 Rxa2 49. Rh4 Ke8 50. Rd4 Ne6 51. Rxd3 Rb2 52. Rc3 b4 53. Rc8+ Kd7 54.
Nb6+ Kd6 55. Nc4+ Kd7 56. Nb6+ 1/2-1/2